| 000 | 00772nam a2200193Ia 4500 | ||
|---|---|---|---|
| 003 | IN-BaIIA | ||
| 008 | 211028s9999 xx 000 0 eng d | ||
| 020 | _a0-7503-0419-7 | ||
| 040 | _cIIA Library | ||
| 080 |
_a530.12(082.1) _bGEN |
||
| 111 |
_aScottish Universities Summer School in Physics _n46th _cScotland _d1995 July _921795 |
||
| 245 | 0 |
_aGeneral relativity _bproceedings of the Forty Sixth Scottish Universities Summer School in Physics held in Aberdeen, Scotland, Jul 1995 _cedited by G. S. Hall and J. R. Pulham |
|
| 260 |
_aBristol _bInstitute of Physics _c1996 |
||
| 300 | _ax, 422p. | ||
| 650 |
_aGeneral relativity _93824 |
||
| 700 |
_aHall, G. S., ed. _921796 |
||
| 700 |
_aPulham, J. R. ed. _921797 |
||
| 942 | _cBK | ||
| 999 |
_c12450 _d12450 |
||